[Event "Pfalz op-B 11th"]
[Site "Neustadt an der Weinstrasse"]
[Date "2020.02.23"]
[Round "5"]
[White "Niebel, Guido"]
[Black "Dordevic, Tom"]
[Result "1/2-1/2"]
[WhiteElo "1711"]
[BlackElo "1451"]
[PlyCount "60"]
[EventDate "2020.02.21"]
[EventType "swiss"]
[EventRounds "7"]
[EventCountry "GER"]
[SourceTitle "CBM 195 Extra"]
[Source "ChessBase"]
[SourceDate "2020.05.31"]
[SourceVersion "1"]
[SourceVersionDate "2020.05.31"]
[SourceQuality "1"]

1. e4 c5 2. Nf3 e6 3. c3 Nf6 4. Bd3 Be7 5. Bc2 a6 6. 0-0 b6 7. d4 d5 8. e5 Nfd7 9. Re1 Nc6 10. Nbd2 0-0 11. Nf1 Re8 12. Qd3 Nf8 13. Be3 cxd4 14. cxd4 Nb4 15. Qd2 Nxc2 16. Qxc2 Bb7 17. Qd2 a5 18. a3 Qd7 19. Bg5 Rec8 20. Bxe7 Qxe7 21. Ng3 Ng6 22. h3 Rc7 23. Ne2 Rac8 24. Nc3 Ba6 25. Rac1 Qd7 26. h4 Bc4 27. h5 Ne7 28. g4 h6 29. Kh2 b5 30. Rg1 Qd8 1/2-1/2